[Event "XI Festival Ducale A"]
[Site "Genova ITA"]
[Date "2003.09.21"]
[Round "1"]
[White "Astengo, Marcello"]
[Black "Baggiani, Fabio"]
[Result "0-1"]
[WhiteElo "2070"]
[BlackElo "1705"]
[PlyCount "120"]
[EventDate "2003.09.21"]

1. d4 Nc6 2. Nf3 d5 3. Bf4 Bg4 4. e3 e6 5. h3 Bh5 6. g4 Bg6 7. Bb5 f6 8. Nbd2
Bd6 9. Qe2 Nge7 10. O-O O-O 11. c3 e5 12. Bg3 a6 13. Ba4 e4 14. Nh4 Qd7 15. c4
Bxg3 16. fxg3 Bf7 17. cxd5 Bxd5 18. Kh2 Qe6 19. Ng2 g5 20. Ne1 Kg7 21. Bc2 f5
22. gxf5 Nxf5 23. Qg4 Nxe3 24. Qxg5+ Kh8 25. Qxe3 Rxf1 26. Nxf1 Rf8 27. Nd2 Qf6
28. Ng2 Nxd4 29. Rf1 Nf3+ 30. Nxf3 exf3 31. Nf4 Qxb2 32. Qd3 Bg8 33. Rxf3 Re8
34. Nd5 Qa1 35. Re3 Rd8 36. Qc3+ Qxc3 37. Nxc3 Rd2+ 38. Re2 Rxe2+ 39. Nxe2 Bxa2
40. Kg2 b5 41. Nd4 c5 42. Ne2 b4 43. Kf2 a5 44. Ke3 Bd5 45. Ba4 Kg7 46. Nf4 Ba2
47. Kd2 Kf6 48. Nd3 c4 49. Nc5 Ke5 50. Nb7 Kd4 51. Nxa5 Ke4 52. Bc6+ Kd4 53.
Bf3 Kc5 54. h4 Kb5 55. Nb7 c3+ 56. Kc2 Be6 57. Nd6+ Kc5 58. Ne4+ Kd4 59. Ng5
b3+ 60. Kd1 Bf5 0-1

[Event "XI Festival Ducale A"]
[Site "Genova ITA"]
[Date "2003.09.21"]
[Round "1"]
[White "Carzolio, Luigi"]
[Black "Rinaldi, Fausto"]
[Result "1-0"]
[WhiteElo "2042"]
[BlackElo "1648"]
[PlyCount "139"]
[EventDate "2003.09.21"]

1. b4 d5 2. Bb2 Nf6 3. Nf3 Bf5 4. g3 e6 5. b5 c6 6. a4 Be7 7. Bg2 O-O 8. O-O
Nbd7 9. d3 Qc7 10. Nbd2 h6 11. c4 c5 12. Qe1 d4 13. e4 dxe3 14. Qxe3 Rad8 15.
Ne4 Ng4 16. Qe2 Ngf6 17. Rfe1 Rfe8 18. h3 Bg6 19. Bc3 Nxe4 20. dxe4 Nf6 21. Ne5
Bh7 22. f4 Nd7 23. Nf3 Nf6 24. Nd2 Nd7 25. e5 Nf8 26. Ne4 Rd7 27. Red1 Red8 28.
Kf2 Kh8 29. Ke1 Ng6 30. Rxd7 Rxd7 31. Rd1 Qd8 32. Rxd7 Qxd7 33. Qd2 Qc8 34. Nd6
Bxd6 35. exd6 Nf8 36. b6 a6 37. Bf3 Nd7 38. a5 Kg8 39. Qg2 Nb8 40. Bxb7 Qd7 41.
Be4 f6 42. Bxh7+ Kxh7 43. Qe4+ Kg8 44. Qd3 Qc6 45. Kf2 Kf7 46. g4 Nd7 47. Kg3
Kg8 48. Kh2 Kf7 49. h4 Qb7 50. h5 Nf8 51. Be1 Qc8 52. Bf2 Qc6 53. Kg3 Nd7 54.
Kh2 Kg8 55. Bg3 Kf7 56. f5 e5 57. Kg1 Ke8 58. Kf2 Kd8 59. Ke2 Kc8 60. Bf2 Kb8
61. Qd5 Qxd5 62. cxd5 Kc8 63. Kd3 Nb8 64. Bxc5 Nd7 65. Ba3 Kb7 66. Kc4 Kc8 67.
Bc1 Kd8 68. b7 Ke8 69. Be3 Kd8 70. Ba7 1-0

[Event "XI Festival Ducale A"]
[Site "Genova ITA"]
[Date "2003.09.21"]
[Round "1"]
[White "Cirabisi, Federico"]
[Black "Cataldo, Ettore Massimo"]
[Result "1-0"]
[WhiteElo "2109"]
[BlackElo "1722"]
[PlyCount "57"]
[EventDate "2003.09.21"]

1. d4 d5 2. e3 Nf6 3. Bd3 e6 4. Nd2 c5 5. c3 Nbd7 6. f4 a6 7. Ngf3 b5 8. Ne5
Bb7 9. Qf3 Be7 10. O-O O-O 11. g4 g6 12. h4 Nxe5 13. fxe5 Ne4 14. g5 Nxd2 15.
Bxd2 Qb6 16. Rf2 b4 17. Rh2 a5 18. h5 Bxg5 19. Qh3 h6 20. Kh1 c4 21. Rg1 Qd8
22. Bb1 Qe7 23. hxg6 f6 24. Rxg5 fxg5 25. Qxh6 Qg7 26. Qxg5 Rf1+ 27. Kg2 Rxb1
28. Rh7 Qf8 29. Rh8+ 1-0

[Event "XI Festival Ducale A"]
[Site "Genova ITA"]
[Date "2003.09.21"]
[Round "1"]
[White "Del Nevo, Claudio"]
[Black "Massa, Giovanni"]
[Result "1-0"]
[WhiteElo "1752"]
[BlackElo "2136"]
[PlyCount "47"]
[EventDate "2003.09.21"]

1. d4 Nf6 2. Bg5 e6 3. Nf3 b6 4. e3 Bb7 5. Nbd2 Be7 6. Bxf6 Bxf6 7. Bd3 d6 8.
O-O O-O 9. Be4 d5 10. Bd3 Nd7 11. c3 c5 12. Ne5 g6 13. f4 Bg7 14. Bb5 Nxe5 15.
fxe5 f6 16. exf6 Bxf6 17. Qe2 Qd6 18. Rf3 e5 19. dxc5 bxc5 20. Rg3 e4 21. Rd1
Qc7 22. Nxe4 dxe4 23. Rd7 Qb6 24. Qh5 1-0

[Event "XI Festival Ducale A"]
[Site "Genova ITA"]
[Date "2003.09.21"]
[Round "1"]
[White "Diena, Giovanni"]
[Black "Di Paolo, Raffaele"]
[Result "0-1"]
[WhiteElo "2012"]
[BlackElo "2323"]
[PlyCount "62"]
[EventDate "2003.09.21"]

1. e4 c5 2. Nf3 e6 3. c4 Nc6 4. Nc3 a6 5. d3 d6 6. Be2 Nf6 7. O-O Be7 8. Be3
O-O 9. Rc1 Bd7 10. a3 Rc8 11. h3 Qa5 12. Qa4 Qxa4 13. Nxa4 Nd4 14. Bxd4 Bxa4
15. Bc3 Nd7 16. b3 Bc6 17. Rfe1 b5 18. Bf1 e5 19. Rb1 Rb8 20. b4 f6 21. Nh4 g6
22. g3 bxc4 23. dxc4 f5 24. bxc5 Rxb1 25. Rxb1 Bxe4 26. Rd1 Nxc5 27. Bb4 f4 28.
Bxc5 dxc5 29. Rd7 Bg5 30. Bg2 f3 31. Bf1 Rd8 0-1

[Event "XI Festival Ducale A"]
[Site "Genova ITA"]
[Date "2003.09.21"]
[Round "1"]
[White "Djingarova, Emilia"]
[Black "Gallitto, Salvatore"]
[Result "1-0"]
[WhiteElo "2300"]
[BlackElo "2010"]
[PlyCount "77"]
[EventDate "2003.09.21"]

1. e4 d6 2. d4 Nf6 3. Nc3 c6 4. Nf3 Bg4 5. Be2 e6 6. O-O d5 7. exd5 cxd5 8. Ne5
Bxe2 9. Qxe2 Be7 10. Qb5+ Nbd7 11. Qxb7 O-O 12. Nc6 Qe8 13. Nb5 Rb8 14. Nxb8
Nxb8 15. Bf4 a6 16. Bxb8 axb5 17. Be5 Ne4 18. Qa6 Nd2 19. Rfe1 Nc4 20. Bf4 h6
21. a4 g5 22. Bc1 b4 23. b3 Nd6 24. Qd3 Bf6 25. c3 bxc3 26. Ba3 Qc6 27. Bxd6
Qxd6 28. Qxc3 Qb6 29. Red1 Rb8 30. a5 Qa6 31. b4 Rc8 32. b5 Rxc3 33. bxa6 Rc6
34. Ra4 Rxa6 35. Rb1 Kg7 36. Rb6 Ra7 37. a6 e5 38. Rb7 Ra8 39. a7 1-0

[Event "XI Festival Ducale A"]
[Site "Genova ITA"]
[Date "2003.09.21"]
[Round "1"]
[White "Jaksland, Tim"]
[Black "Fornaro, Alberto"]
[Result "1-0"]
[WhiteElo "2285"]
[BlackElo "2000"]
[PlyCount "31"]
[EventDate "2003.09.21"]

1. e4 c5 2. Nf3 Nc6 3. Bb5 d6 4. O-O Bd7 5. c3 g6 6. Re1 Bg7 7. h3 Qc7 8. d4
cxd4 9. cxd4 a6 10. Bf1 Nf6 11. Nc3 O-O 12. Bg5 e6 13. Rc1 Qa5 14. Qd2 Na7 15.
e5 dxe5 16. Bxf6 1-0

[Event "XI Festival Ducale A"]
[Site "Genova ITA"]
[Date "2003.09.21"]
[Round "1"]
[White "Naumkin, Igor"]
[Black "Svendsen, Peter"]
[Result "1-0"]
[WhiteElo "2406"]
[BlackElo "2014"]
[PlyCount "55"]
[EventDate "2003.09.21"]

1. d4 g6 2. c4 Bg7 3. Nc3 d6 4. e4 Nc6 5. d5 Nd4 6. Be3 c5 7. Nge2 Qb6 8. Nxd4
cxd4 9. Na4 dxe3 10. Nxb6 exf2+ 11. Kxf2 axb6 12. Qd2 Nf6 13. Bd3 Bh6 14. Qb4
Ng4+ 15. Ke2 Ne3 16. Rhg1 O-O 17. h3 e6 18. Qxb6 exd5 19. exd5 Re8 20. Kf2 Bf5
21. Bxf5 Nxf5 22. Rge1 Be3+ 23. Rxe3 Nxe3 24. Re1 Nxc4 25. Rxe8+ Rxe8 26. Qxb7
Re4 27. b3 Nd2 28. Qc8+ 1-0

[Event "XI Festival Ducale A"]
[Site "Genova ITA"]
[Date "2003.09.21"]
[Round "1"]
[White "Rivara, Massimo"]
[Black "Olsen, Peter Erik"]
[Result "0-1"]
[WhiteElo "1927"]
[BlackElo "2261"]
[PlyCount "82"]
[EventDate "2003.09.21"]

1. e4 d5 2. exd5 Qxd5 3. Nc3 Qa5 4. d4 Nf6 5. Bd2 c6 6. Bc4 Qb6 7. Bc1 Bf5 8.
Nf3 e6 9. O-O Be7 10. Qe2 O-O 11. Rd1 Nbd7 12. Bb3 Rad8 13. h3 Rfe8 14. Be3 Qa5
15. a3 Bg6 16. Bf4 Bh5 17. Qe3 c5 18. Rd2 cxd4 19. Nxd4 e5 20. Nf5 exf4 21.
Qxf4 Bf8 22. Nd6 Bxd6 23. Rxd6 Nc5 24. Bxf7+ Bxf7 25. b4 Qc7 26. Rxf6 Qxf4 27.
Rxf4 Ne6 28. Rh4 Nd4 29. Rc1 Bg6 30. Kh2 Nxc2 31. Nb5 a6 32. Nc3 Nxa3 33. Na4
Be4 34. Re1 Bc6 35. Rxe8+ Rxe8 36. Nc5 Nb5 37. Nd3 h6 38. Rc4 Kh7 39. Rc1 Rd8
40. Nc5 Rd2 41. Nxa6 Rxf2 0-1

[Event "XI Festival Ducale A"]
[Site "Genova ITA"]
[Date "2003.09.21"]
[Round "1"]
[White "Roversi, Stefano"]
[Black "Passerotti, Pierluigi"]
[Result "0-1"]
[WhiteElo "2008"]
[BlackElo "2287"]
[PlyCount "32"]
[EventDate "2003.09.21"]

1. e4 c5 2. Nf3 Nc6 3. d4 cxd4 4. Nxd4 g6 5. Be3 Nf6 6. Nc3 Bg7 7. f3 O-O 8.
Qd2 d5 9. O-O-O dxe4 10. Nxe4 Nxe4 11. fxe4 Bxd4 12. Bxd4 Bg4 13. Be2 Bxe2 14.
Qxe2 Nxd4 15. Qe3 e5 16. c3 Qc7 0-1

[Event "XI Festival Ducale A"]
[Site "Genova ITA"]
[Date "2003.09.22"]
[Round "2"]
[White "Antoniacci, Riccardo"]
[Black "Djingarova, Emilia"]
[Result "0-1"]
[WhiteElo "2041"]
[BlackElo "2300"]
[PlyCount "54"]
[EventDate "2003.09.21"]

1. e4 c5 2. Nf3 e6 3. d3 Nc6 4. g3 d6 5. Bg2 g6 6. O-O Bg7 7. c3 e5 8. Qe2 Nge7
9. Nbd2 O-O 10. a4 b6 11. Nc4 h6 12. Nh4 Be6 13. f4 exf4 14. gxf4 d5 15. Ne5
Nxe5 16. fxe5 d4 17. c4 Qc7 18. Nf3 Nc6 19. Bf4 Nxe5 20. Nxe5 Bxe5 21. Bxh6
Bxh2+ 22. Kh1 Be5 23. Bxf8 Rxf8 24. Bf3 Kg7 25. Rf2 Bf4 26. Bg4 Rh8+ 27. Kg1
Be3 0-1

[Event "XI Festival Ducale A"]
[Site "Genova ITA"]
[Date "2003.09.22"]
[Round "2"]
[White "Araniti, Michelangelo"]
[Black "Erlandsen, Carsten"]
[Result "0-1"]
[WhiteElo "1606"]
[BlackElo "2142"]
[PlyCount "38"]
[EventDate "2003.09.21"]

1. Nf3 c5 2. e4 d6 3. d4 cxd4 4. Nxd4 Nf6 5. Bd3 a6 6. O-O Nbd7 7. Nc3 b5 8. a3
Bb7 9. Re1 e6 10. Bg5 Be7 11. Re3 h6 12. Bxf6 Bxf6 13. Nxe6 fxe6 14. Qh5+ Kf8
15. Rae1 Qe8 16. Qh3 Ne5 17. Be2 Kg8 18. f4 Ng6 19. Qg3 Bh4 0-1

[Event "XI Festival Ducale A"]
[Site "Genova ITA"]
[Date "2003.09.22"]
[Round "2"]
[White "Baggiani, Fabio"]
[Black "Carosso, Andrea"]
[Result "0-1"]
[WhiteElo "1705"]
[BlackElo "2129"]
[PlyCount "48"]
[EventDate "2003.09.21"]

1. e4 c5 2. Nf3 e6 3. b3 d5 4. exd5 exd5 5. Bb5+ Bd7 6. Bxd7+ Nxd7 7. O-O Ngf6
8. Re1+ Be7 9. Qe2 Kf8 10. d4 h5 11. Bb2 Rh6 12. Nbd2 Bd6 13. c4 Qc7 14. Rac1
Re8 15. Ne5 Qd8 16. cxd5 cxd4 17. Ndf3 Nxe5 18. Nxe5 Rxe5 19. Qxe5 Bxe5 20.
Rxe5 Nxd5 21. h3 Nc3 22. Bxc3 dxc3 23. Rxc3 Re6 24. Rxh5 Qd1+ 0-1

[Event "XI Festival Ducale A"]
[Site "Genova ITA"]
[Date "2003.09.22"]
[Round "2"]
[White "Benaglia, Giovanni"]
[Black "Naumkin, Igor"]
[Result "0-1"]
[WhiteElo "2062"]
[BlackElo "2406"]
[PlyCount "60"]
[EventDate "2003.09.21"]

1. d4 e6 2. Nf3 Nf6 3. Bg5 c5 4. e3 Nc6 5. c3 Be7 6. Bd3 b6 7. Nbd2 h6 8. Bxf6
Bxf6 9. O-O O-O 10. a3 Bb7 11. b4 Rc8 12. b5 Na5 13. Rc1 Qe7 14. a4 Rc7 15. e4
Rfc8 16. e5 Bg5 17. Rc2 Bxd2 18. Nxd2 cxd4 19. cxd4 Rxc2 20. Bxc2 d6 21. Ne4
dxe5 22. dxe5 Qc7 23. Nd6 Qxc2 24. Nxc8 Qxc8 25. Qd3 Bd5 26. Qa3 Qc7 27. f4 Qc2
28. Rf2 Qd1+ 29. Rf1 Qd4+ 30. Kh1 Nc4 0-1

[Event "XI Festival Ducale A"]
[Site "Genova ITA"]
[Date "2003.09.22"]
[Round "2"]
[White "Capurro, Giuliano"]
[Black "Jaksland, Tim"]
[Result "0-1"]
[WhiteElo "2039"]
[BlackElo "2285"]
[PlyCount "82"]
[EventDate "2003.09.21"]

1. e4 c5 2. d3 Nc6 3. c4 g6 4. Nc3 Bg7 5. g3 d6 6. Bg2 Nd4 7. Nge2 Bg4 8. O-O
Qd7 9. f3 Bh3 10. Bxh3 Qxh3 11. Nf4 Qd7 12. Be3 e6 13. Kg2 Ne7 14. Qd2 O-O 15.
Nh3 a6 16. Bh6 Rab8 17. Rad1 b5 18. Bxg7 Kxg7 19. b3 h6 20. Rf2 Nec6 21. Nf4
Rbe8 22. h4 e5 23. Nfd5 f5 24. Rdf1 Rf7 25. h5 gxh5 26. Rh1 Qe6 27. Rxh5 Qg6
28. Rh4 h5 29. f4 b4 30. Nd1 fxe4 31. Rh3 exd3 32. Qe3 e4 33. f5 Nxf5 34. Rxf5
Rxf5 35. Nf4 Rxf4 36. Qxf4 Rf8 37. Qd2 Qg4 38. Qb2+ Nd4 39. Nf2 Qf3+ 40. Kg1
Qe2 41. Nxd3 Rf1# 0-1

[Event "XI Festival Ducale A"]
[Site "Genova ITA"]
[Date "2003.09.22"]
[Round "2"]
[White "Delchev, Aleksander"]
[Black "Durdevic, Radoslav"]
[Result "1-0"]
[WhiteElo "2572"]
[BlackElo "2114"]
[PlyCount "73"]
[EventDate "2003.09.21"]

1. c4 e5 2. g3 g6 3. d4 exd4 4. Qxd4 Qf6 5. Qe3+ Qe6 6. Nc3 Qxe3 7. Bxe3 Bg7 8.
Nd5 Na6 9. O-O-O Ne7 10. Nxe7 Kxe7 11. Nh3 d6 12. Nf4 Be6 13. Nxe6 fxe6 14. Bg2
Rab8 15. Bxa7 Ra8 16. Bd4 Bxd4 17. Rxd4 Nc5 18. Kb1 e5 19. Rd2 Rhf8 20. Rf1
Rab8 21. h4 b5 22. cxb5 Rxb5 23. e3 Rfb8 24. Rc1 Kd8 25. Bc6 Ra5 26. f4 exf4
27. exf4 Rb6 28. Bd5 Kd7 29. Re1 Na4 30. Bb3 Nc5 31. Bg8 h6 32. Bf7 Na4 33. Re3
g5 34. fxg5 hxg5 35. hxg5 Rb4 36. Be8+ Kd8 37. Bc6 1-0

[Event "XI Festival Ducale A"]
[Site "Genova ITA"]
[Date "2003.09.22"]
[Round "2"]
[White "Di Paolo, Raffaele"]
[Black "Cirabisi, Federico"]
[Result "1-0"]
[WhiteElo "2323"]
[BlackElo "2109"]
[PlyCount "95"]
[EventDate "2003.09.21"]

1. e4 e6 2. d4 b6 3. Bd3 Bb7 4. Nf3 c5 5. O-O cxd4 6. Nxd4 Nc6 7. Nxc6 Bxc6 8.
c4 Bc5 9. Nc3 Ne7 10. Rb1 Ng6 11. b4 Be7 12. f4 h5 13. Be3 Bf6 14. Qc2 Bxc3 15.
Qxc3 Qe7 16. b5 Bb7 17. a4 O-O 18. Rbe1 d6 19. Qc2 Rac8 20. Qd1 d5 21. exd5
exd5 22. cxd5 Qa3 23. Bd4 Rfe8 24. Rxe8+ Rxe8 25. Bxg6 fxg6 26. Qc2 Qd6 27. Be5
Qxd5 28. Qxg6 Re7 29. h3 h4 30. Kh2 Qe4 31. Qg4 Rd7 32. Rd1 Bd5 33. Rd2 Qe1 34.
Re2 Qg3+ 35. Qxg3 hxg3+ 36. Kxg3 Kf7 37. Re3 Be6 38. Kf3 g6 39. g4 Rd2 40. Rc3
Rd7 41. Kg3 Bd5 42. f5 Re7 43. Re3 gxf5 44. gxf5 Ba2 45. Kf4 Bb1 46. Rc3 Rd7
47. h4 Ba2 48. h5 1-0

[Event "XI Festival Ducale A"]
[Site "Genova ITA"]
[Date "2003.09.22"]
[Round "2"]
[White "Gallitto, Salvatore"]
[Black "Falcone, Giancarlo"]
[Result "1-0"]
[WhiteElo "2010"]
[BlackElo "1627"]
[PlyCount "101"]
[EventDate "2003.09.21"]

1. d4 d5 2. c4 c6 3. Nc3 Nf6 4. Bg5 Qa5 5. Bxf6 exf6 6. cxd5 Bb4 7. Qc2 Bxc3+
8. Qxc3 Qxd5 9. Nf3 Bg4 10. Nd2 O-O 11. f3 Bh5 12. e4 Re8 13. Be2 Qd8 14. O-O
Nd7 15. b4 Nb6 16. Bd1 Bg6 17. a4 f5 18. a5 Nd7 19. e5 Rc8 20. Nc4 Rc7 21. Nd6
Re7 22. Bc2 Nf8 23. f4 Red7 24. Bb3 Rxd6 25. exd6 Rd7 26. a6 b6 27. Qxc6 Rxd6
28. Qb7 Rd7 29. Qf3 Rxd4 30. Rfd1 Ne6 31. Bxe6 fxe6 32. Kh1 Be8 33. Rxd4 Qxd4
34. Rd1 Qxb4 35. Qb7 Qa4 36. Rg1 Bb5 37. Qb8+ Kf7 38. Qxa7+ Kf6 39. Qxb6 Qxa6
40. Qd4+ Kg6 41. h3 Be8 42. Ra1 Qe2 43. Qd8 Qb5 44. Kh2 Qd7 45. Qg5+ Kf7 46.
Ra8 g6 47. Qh4 Kg7 48. Qf2 Bf7 49. Qc5 Qb7 50. Qf8+ Kf6 51. Qh8+ 1-0

[Event "XI Festival Ducale A"]
[Site "Genova ITA"]
[Date "2003.09.22"]
[Round "2"]
[White "Maiori, Nicola"]
[Black "Miladinovic, Igor"]
[Result "0-1"]
[WhiteElo "1693"]
[BlackElo "2609"]
[PlyCount "64"]
[EventDate "2003.09.21"]

1. e4 c5 2. Nf3 Nc6 3. Nc3 e6 4. d4 cxd4 5. Nxd4 Qc7 6. Be3 a6 7. a3 Nf6 8.
Nxc6 bxc6 9. Bd3 d5 10. O-O Bd6 11. f4 e5 12. exd5 cxd5 13. Qe1 O-O 14. fxe5
Bxe5 15. Qh4 Bxh2+ 16. Kh1 Qg3 17. Bxh7+ Kh8 18. Qxg3 Bxg3 19. Bf5 Be5 20. Bc5
Re8 21. Rad1 Nh5 22. Kg1 Ng3 23. Bxc8 Raxc8 24. Na4 Nxf1 25. Kxf1 Bxb2 26. Rxd5
Bf6 27. c4 Re4 28. Nb6 Rd8 29. Bd6 Bd4 30. Rh5+ Kg8 31. Bc7 Rde8 32. g3 Bxb6
0-1

[Event "XI Festival Ducale A"]
[Site "Genova ITA"]
[Date "2003.09.22"]
[Round "2"]
[White "Olsen, Peter Erik"]
[Black "Del Nevo, Claudio"]
[Result "1-0"]
[WhiteElo "2261"]
[BlackElo "1752"]
[PlyCount "46"]
[EventDate "2003.09.21"]

1. d4 Nf6 2. c4 g6 3. Nc3 d6 4. e4 Bg7 5. Bg5 O-O 6. f4 Bg4 7. Qd2 a6 8. h3 Bc8
9. Bd3 c6 10. Nf3 Nh5 11. g4 Nf6 12. O-O-O b5 13. e5 dxe5 14. fxe5 Nfd7 15. Bh6
b4 16. Ne4 Qa5 17. Kb1 c5 18. Bxg7 Kxg7 19. d5 Qc7 20. Qf4 Bb7 21. h4 e6 22. h5
Rh8 23. hxg6 h6 1-0

[Event "XI Festival Ducale A"]
[Site "Genova ITA"]
[Date "2003.09.22"]
[Round "2"]
[White "Passerotti, Pierluigi"]
[Black "Carzolio, Luigi"]
[Result "1/2-1/2"]
[WhiteElo "2287"]
[BlackElo "2042"]
[PlyCount "74"]
[EventDate "2003.09.21"]

1. d4 b5 2. Bg5 Bb7 3. e3 Nf6 4. Bxf6 gxf6 5. Qh5 a6 6. Nd2 e6 7. Ngf3 c5 8.
dxc5 Qc7 9. Nb3 Bd5 10. Bd3 Nc6 11. O-O Ne5 12. Nxe5 Qxe5 13. Qxe5 fxe5 14. e4
Bc6 15. Rfc1 Rg8 16. g3 a5 17. c4 b4 18. a3 bxa3 19. Rxa3 a4 20. Rca1 Rd8 21.
Rxa4 Bxa4 22. Rxa4 Rc8 23. Ra5 f6 24. Kf1 Be7 25. Ke2 Kf7 26. Kd2 Ra8 27. Rb5
Rgc8 28. Kc3 Ra4 29. Bc2 Ra7 30. Kb4 Rac7 31. Bd3 Ke8 32. Ra5 Rb8+ 33. Rb5 Rbc8
34. Ra5 Rb8+ 35. Kc3 Rbc8 36. Kb4 Rb8+ 37. Rb5 Rbc8 1/2-1/2

[Event "XI Festival Ducale A"]
[Site "Genova ITA"]
[Date "2003.09.22"]
[Round "2"]
[White "Puglisi, Vincenzo"]
[Black "Caridi, Nicolo'"]
[Result "1-0"]
[WhiteElo "2089"]
[BlackElo "1666"]
[PlyCount "48"]
[EventDate "2003.09.21"]

1. e4 c5 2. Nf3 e6 3. d4 cxd4 4. Nxd4 a6 5. Bd3 Nf6 6. O-O Qc7 7. Kh1 Be7 8. f4
d6 9. c4 Nc6 10. Nc2 O-O 11. Nc3 Bd7 12. g4 Rfd8 13. g5 Ne8 14. b3 Bf8 15. Bb2
Ne7 16. Ne3 Bc6 17. f5 Qd7 18. Ncd5 Nxd5 19. exd5 exd5 20. cxd5 Bb5 21. Nc4
Bxc4 22. bxc4 Rac8 23. Qh5 g6 24. fxg6 hxg6 1-0

[Event "XI Festival Ducale A"]
[Site "Genova ITA"]
[Date "2003.09.23"]
[Round "3"]
[White "Bertino, Andrea"]
[Black "Massa, Giovanni"]
[Result "1-0"]
[WhiteElo "2016"]
[BlackElo "2136"]
[PlyCount "43"]
[EventDate "2003.09.21"]

1. d4 Nf6 2. Nf3 e6 3. c4 b6 4. Nc3 Bb4 5. Bg5 Bb7 6. e3 h6 7. Bh4 g5 8. Bg3
Ne4 9. Qc2 Bxc3+ 10. bxc3 d6 11. Bd3 f5 12. d5 exd5 13. cxd5 Bxd5 14. Nd4 Qf6
15. f3 Nxg3 16. hxg3 Nd7 17. Bxf5 O-O-O 18. g4 Kb8 19. Bxd7 Rxd7 20. Qf5 Qe5
21. Kf2 Rf7 22. Qxf7 1-0

[Event "XI Festival Ducale A"]
[Site "Genova ITA"]
[Date "2003.09.23"]
[Round "3"]
[White "Carosso, Andrea"]
[Black "Di Paolo, Raffaele"]
[Result "0-1"]
[WhiteElo "2129"]
[BlackElo "2323"]
[PlyCount "74"]
[EventDate "2003.09.21"]

1. c4 g6 2. Nc3 Bg7 3. g3 d6 4. Bg2 e5 5. e3 Nf6 6. Nge2 Nc6 7. a3 O-O 8. b4 a6
9. Bb2 Re8 10. O-O Bf5 11. d4 e4 12. d5 Ne5 13. Qb3 Nf3+ 14. Bxf3 exf3 15. Nd4
Bg4 16. Rfe1 Nd7 17. Nb1 Qg5 18. Nd2 Ne5 19. Rac1 Qh5 20. Kh1 Bh3 21. e4 Bg2+
22. Kg1 Qh3 23. N4xf3 Nxf3+ 24. Nxf3 Bxf3 25. Qxf3 Bxb2 26. Rc2 Bg7 27. Rce2 a5
28. c5 axb4 29. axb4 h5 30. Qb3 h4 31. cxd6 cxd6 32. Ra2 Bd4 33. Rxa8 Rxa8 34.
Qf3 Ra2 35. Rf1 Rb2 36. Qf4 hxg3 37. hxg3 Be5 0-1

[Event "XI Festival Ducale A"]
[Site "Genova ITA"]
[Date "2003.09.23"]
[Round "3"]
[White "Carzolio, Luigi"]
[Black "Mrdja, Milan"]
[Result "0-1"]
[WhiteElo "2042"]
[BlackElo "2384"]
[PlyCount "120"]
[EventDate "2003.09.21"]

1. b4 Nf6 2. Bb2 e6 3. b5 Be7 4. Nf3 O-O 5. g3 c6 6. a4 d5 7. Bg2 cxb5 8. axb5
Qb6 9. Na3 Ne4 10. O-O Nd6 11. Bd4 Qd8 12. d3 b6 13. c4 Bb7 14. Qb1 dxc4 15.
Nxc4 Nd7 16. Rc1 Nxc4 17. Rxc4 Bc5 18. Qb2 Bxd4 19. Rxd4 Qf6 20. Rb4 Nc5 21.
Qxf6 gxf6 22. Nd4 Bxg2 23. Kxg2 Rfc8 24. Nc6 Rc7 25. d4 Ne4 26. Rba4 a5 27.
R1a3 Nd6 28. Rb3 Nxb5 29. Nxa5 Nxd4 30. Rxb6 Nxe2 31. Rc4 Rxc4 32. Nxc4 Nc3 33.
Rb7 Rd8 34. Rc7 Nb5 35. Rb7 Nd4 36. Ne3 Kg7 37. h4 h5 38. Ra7 Kg6 39. Kh3 f5
40. Kg2 Nc6 41. Rc7 Ne5 42. Nc4 Nd3 43. f4 f6 44. Rc6 Rd4 45. Nd6 Nb4 46. Rb6
Nd5 47. Ra6 Rd2+ 48. Kf3 Rd3+ 49. Kf2 Nc3 50. Rc6 Kg7 51. Kg2 Kf8 52. Nxf5 exf5
53. Rxf6+ Kg7 54. Rxf5 Rd5 55. Rg5+ Kh6 56. g4 Rd2+ 57. Kf3 Rd3+ 58. Kg2 hxg4
59. Rxg4 Nd5 60. f5 Ne3+ 0-1

[Event "XI Festival Ducale A"]
[Site "Genova ITA"]
[Date "2003.09.23"]
[Round "3"]
[White "De Vita, Igor"]
[Black "Fornaro, Alberto"]
[Result "1/2-1/2"]
[WhiteElo "2158"]
[BlackElo "2000"]
[PlyCount "47"]
[EventDate "2003.09.21"]

1. d4 f5 2. Nc3 e6 3. e4 fxe4 4. Nxe4 Nf6 5. Bg5 Be7 6. Bxf6 Bxf6 7. Nf3 b6 8.
Bd3 Nc6 9. c3 Bb7 10. Qc2 Qe7 11. O-O-O O-O-O 12. Rhe1 Qf7 13. Kb1 h6 14. h4
Rhf8 15. Ned2 g5 16. hxg5 hxg5 17. Rh1 Rh8 18. g4 Be7 19. Be4 Qf4 20. Rhg1 Rdf8
21. b4 Rh3 22. b5 Na5 23. Bxb7+ Kxb7 24. Ne5 1/2-1/2

[Event "XI Festival Ducale A"]
[Site "Genova ITA"]
[Date "2003.09.23"]
[Round "3"]
[White "Durdevic, Radoslav"]
[Black "Morselli, Stefano"]
[Result "1-0"]
[WhiteElo "2114"]
[BlackElo "1756"]
[PlyCount "35"]
[EventDate "2003.09.21"]

1. e4 g6 2. d4 Bg7 3. Be3 d6 4. Bd3 Nf6 5. f3 c6 6. Ne2 Nbd7 7. Qd2 e5 8. c3
O-O 9. O-O b5 10. Kh1 Nb6 11. b3 a5 12. Na3 Be6 13. Rac1 a4 14. b4 Re8 15. d5
cxd5 16. Bxb5 Re7 17. Ng3 Rc7 18. Bxb6 1-0

[Event "XI Festival Ducale A"]
[Site "Genova ITA"]
[Date "2003.09.23"]
[Round "3"]
[White "Erlandsen, Carsten"]
[Black "Nilsson, Lars Kjoller"]
[Result "1-0"]
[WhiteElo "2142"]
[BlackElo "2050"]
[PlyCount "119"]
[EventDate "2003.09.21"]

1. d4 Nf6 2. Nf3 c5 3. d5 e6 4. c4 b5 5. Bg5 h6 6. Bxf6 Qxf6 7. Nc3 b4 8. Nb5
Na6 9. e4 exd5 10. e5 Qb6 11. cxd5 Bb7 12. Bc4 Nc7 13. Nxc7+ Qxc7 14. d6 Qc6
15. O-O g5 16. Qb3 O-O-O 17. Rfd1 f6 18. Bd5 Qb6 19. Rac1 Kb8 20. Bxb7 Kxb7 21.
Qd5+ Qc6 22. Rxc5 Qxd5 23. Rdxd5 g4 24. Nh4 fxe5 25. Ng6 Rg8 26. Nxf8 Rgxf8 27.
Rc7+ Kb6 28. Rxe5 Rf6 29. Rc4 Rdf8 30. Rxb4+ Kc6 31. Re2 Rxd6 32. Rc2+ Kd5 33.
Rd2+ Kc5 34. Rxd6 Re8 35. Kf1 Kxd6 36. Rxg4 Kc5 37. Ra4 d5 38. Rxa7 Kd4 39. Ra3
Rb8 40. Rb3 Rxb3 41. axb3 Kd3 42. f4 d4 43. f5 Kc2 44. f6 d3 45. f7 d2 46. f8=Q
d1=Q+ 47. Kf2 Qd2+ 48. Kg1 Kxb3 49. Qa3+ Kc4 50. Qc3+ Qxc3 51. bxc3 Kxc3 52.
Kf2 Kd4 53. Kf3 Ke5 54. Kg4 Kf6 55. h4 Kg6 56. Kf4 Kh5 57. g3 Kg6 58. Ke5 Kf7
59. Kf5 Kg7 60. h5 1-0

[Event "XI Festival Ducale A"]
[Site "Genova ITA"]
[Date "2003.09.23"]
[Round "3"]
[White "Jaksland, Tim"]
[Black "Delchev, Aleksander"]
[Result "1-0"]
[WhiteElo "2285"]
[BlackElo "2572"]
[PlyCount "149"]
[EventDate "2003.09.21"]

1. e4 e5 2. Bc4 Nf6 3. d3 Nc6 4. Nc3 Bb4 5. Bg5 h6 6. Bxf6 Bxc3+ 7. bxc3 Qxf6
8. Ne2 Ne7 9. O-O g5 10. d4 d6 11. Qd3 Ng6 12. Rab1 h5 13. Bb5+ Kf8 14. Qe3 h4
15. f3 Kg7 16. Bc4 b6 17. Rbd1 Re8 18. Bb5 Re7 19. Rd2 Bb7 20. g3 Rh8 21. g4 d5
22. dxe5 Rxe5 23. Nd4 Nf4 24. Nf5+ Kh7 25. Bd3 Rhe8 26. Re1 c5 27. Bb5 Rd8 28.
Bf1 dxe4 29. Rxd8 Qxd8 30. Nxh4 Re6 31. Bc4 Nh3+ 32. Kf1 Rf6 33. Nf5 Qc7 34.
Re2 exf3 35. Rd2 Qf4 36. Qd3 Be4 37. Qd8 Bxf5 38. Qxf6 Bg6 39. Qxf4 Nxf4 40.
Kf2 Be4 41. Bd3 Nxd3+ 42. cxd3 Bd5 43. d4 cxd4 44. Rxd4 Bxa2 45. Ra4 Bd5 46.
Rxa7 Kg7 47. Ra6 b5 48. Rb6 Bc4 49. Kxf3 f6 50. Ke3 Kf7 51. Rd6 Ke7 52. Rd2 Be6
53. Rd4 Bc8 54. Re4+ Kd6 55. Kd4 Bd7 56. h3 Bc6 57. Re2 Bd7 58. Rf2 Ke6 59. Kc5
Ke5 60. Rf3 Ke6 61. Re3+ Kf7 62. Kd6 Bc8 63. Kc6 f5 64. gxf5 Kf6 65. Kxb5 Kxf5
66. Kc5 Kf4 67. Kd4 Ba6 68. Re8 Kg3 69. Rg8 Kh4 70. c4 Bb7 71. Ke5 Bg2 72. Kf6
Bxh3 73. Rh8+ Kg4 74. Rxh3 Kxh3 75. Kxg5 1-0